| 000 | 00864nam a22002657a 4500 | ||
|---|---|---|---|
| 001 | BR9405045 | ||
| 003 | BR-BrBNA | ||
| 005 | 20230928094105.0 | ||
| 007 | ta | ||
| 008 | 230509b bl.||||| |||| 00| 0 por d | ||
| 040 |
_aBR-BrBNA _bpor _cBiblioteca Nacional de Agricultura |
||
| 041 | _a(Por) | ||
| 072 | _aH20 | ||
| 090 | _ H20 BR9405045 | ||
| 110 | 1 |
_aUniversidade Federal Rural do Rio de Janeiro, Itaguai (Brasil) _911225 |
|
| 110 | 1 | _aSociedade Brasileira de Fitopatologia, Rio de Janeiro, RS (Brasil) | |
| 111 | 1 |
_a13. Congresso Brasileiro de Fitopatologia _cItaguai, RS (Brazil) _d6-11 Jul 1980 |
|
| 245 | 1 | _aPrograma e resumos. 13. Congresso brasileiro de fitopatologia | |
| 260 | 3 |
_aItaguai, RJ (Brasil): _c1980. |
|
| 300 | _a275 | ||
| 500 | _aSummary only | ||
| 650 | _aDoenca de Planta | ||
| 909 |
_a202309 _bLucia _c55 _dLucia Elande |
||
| 942 | _cBK | ||
| 999 |
_c48805 _d48805 |
||